000 00607nam a2200205Ia 4500
003 GCL
005 20240530103214.0
008 140319s9999 xx 000 0 ara d
017 _a3175
040 _aGCL /
_cGCL
082 0 4 _a415.1
_bف م
100 1 _aفؤاد نعمة
245 1 0 _aملخص قواعد اللغة العربية :
_cفؤاد نعمة
_bمرجع كامل لقواعد النحو والصرف /
250 _aط16
260 _aالقاهرة :
_bنهضة مصر
300 _a214 ص ؛
_c24 سم
650 0 4 _aالنحو
650 0 4 _aاللغة العربية
942 _2ddc
_cBK
999 _c37556
_d37556